Costa Rica -visa - Statistics

Yleistilastot
  • Tätä visaa on pelattu 277 kertaa
  • Keskiarvotulos 8 / 18
Vastaustilastot
Vihje Vastaus % Oikein
Virallinen kieli Espanja
98%
Naapurimaat Panama
98%
Naapurimaat Nicaragua
97%
Mitä Costa Rican pyrkii olemaan vuoteen 2021 mennessä {Hiili}neutraali
90%
Meri idässä Karibianmeri
88%
Pääkaupunki San José
78%
Maan nimen merkitys tuolla kielellä Rikas rannikko
51%
Costa Rica lakkautti ____ vuonna 1948 Armeijansa
38%
Nimeä yksi Costa Ricassa elävistä apinalajeista Geoffroynhämähäkkiapina | Panamansaimiri | Kapusiiniapina | Mölyapina
35%
Valuutta Colón
34%
Matkailumuoto, joka on tärkeä tekijä maan taloudessa {Eko}matkailu
31%
Costa Rican kansallisruokana pidetty aamiaisella tarjoiltava ruokalaji, joka koostuu riisistä ja pavuista Gallo {Pinto}
22%
Lähes asumaton Tyynenmeren saari, joka on kansallispuisto Kookossaari
15%
Joki joka muodostaa suuren osan pohjoisrajasta San Juan
15%
Toiseksi suurin kaupunki Alajuela
13%
Costa Rican korkein vuori Cerro Chirripó
10%
Maan itäosassa sijaitseva kansallispuisto, joka on merikilpikonnien tärkeä muninta-alue {Tortugueron} kansallispuisto
9%
Costa Rican aktiivisin tulivuori Arenal
8%
Ehtoja vastaavia visoja ei löytynyt
Tulosjakauma
Jokaisen tuloksen saaneiden osuus
Persentiili vastausten määrän mukaan
Tuloshistoriasi
Et ole pelannut tätä visaa